01209nam a22002895a 450000500170000000800410001702000180005802000150007604000280009108200220011910000290014124501080017025000310027826000680030930000370037750000260041450400410044065000330048165000310051465100100054565300490055565500240060494200220062899900170065095201320066795201200079920201128021302.0150610s2012 ii a frb 001 0 eng d a9781259025594 a1259025594 aEG-ScBUEbengdEG-ScBUE04a660.2815bMAR2221 aMarlin, Thomas E.93844110aProcess control :bdesigning processes and control systems for dynamic performance /cThomas E. Marlin. a2nd ed., International ed. aNew Delhi :bTata Mcgraw Hill Education Private Limited,c2012. axxxiii, 1017 p. :bill ;c26 cm. aIndex : p. 1003-1017. aIncludes bibliographical references. 72BUEsh9734aSystem analysis. 79733aSystem design.2BUEsh 2BUEsh bENGCHEcJune2015cSeptember2015cOctober2015 vReading book934232 2ddck660.2815 MAR c19572d19544 00102ddc40708BaccahaMAINbMAINc1STd2015-06-10ePurchasel1o660.2815 MARp000038445r2025-07-15 00:00:00s2017-02-06yBB 00102ddc40708BaccahaMAINbMAINc1STd2015-09-28ePurchasel0o660.2815 MARp000030954r2025-07-15 00:00:00yBB